000 00476nam a2200205Ia 4500
005 20250115055408.0
008 240331s9999 xx 000 0 und d
020 _a041506127X
082 _bTER
_23730
_a305.3
245 0 _aGendered Anthropolgy
260 _aLondon
_aNew York
_bRoutledge
_c1993
300 _axii, 227 p.,
650 _aGender
650 _aSex
650 _aWomen
650 _aPolitics
650 _aAnthropology
700 _aValle, D. T
942 _cL
999 _c1580
_d1580